Lloyd's introduction to jurisprudence (Record no. 579467)

000 -LEADER
fixed length control field 00461nam a22001817a 4500
003 - CONTROL NUMBER IDENTIFIER
control field CEME
005 - DATE AND TIME OF LATEST TRANSACTION
control field 20221202161444.0
008 - FIXED-LENGTH DATA ELEMENTS--GENERAL INFORMATION
fixed length control field 210120b xxu||||| |||| 00| 0 eng d
040 ## - CATALOGING SOURCE
Transcribing agency ceme
082 ## - DEWEY DECIMAL CLASSIFICATION NUMBER
Classification number 340.1 FRE
100 ## - MAIN ENTRY--PERSONAL NAME
Personal name Freeman, M.D.A
9 (RLIN) 73825
245 ## - TITLE STATEMENT
Title Lloyd's introduction to jurisprudence
250 ## - EDITION STATEMENT
Edition statement 7TH
260 ## - PUBLICATION, DISTRIBUTION, ETC.
Place of publication, distribution, etc. RAWALPINDI
Name of publisher, distributor, etc. NATIONAL BOOK FOUNDATION
Date of publication, distribution, etc. 2007
300 ## - PHYSICAL DESCRIPTION
Extent XL,1510 P
650 ## - SUBJECT ADDED ENTRY--TOPICAL TERM
Topical term or geographic name entry element JURISPRUDENCE
9 (RLIN) 35222
942 ## - ADDED ENTRY ELEMENTS (KOHA)
Koha item type Book
Source of classification or shelving scheme
Holdings
Withdrawn status Lost status Source of classification or shelving scheme Damaged status Not for loan Permanent Location Current Location Shelving location Date acquired Full call number Barcode Date last seen Price effective from Koha item type Total Checkouts
      Damaged   College of Electrical & Mechanical Engineering (CEME) College of Electrical & Mechanical Engineering (CEME) General Stacks 04/21/2017 340.1 FRE CEME-42410 06/28/2021 06/28/2021 Book  
          College of Electrical & Mechanical Engineering (CEME) College of Electrical & Mechanical Engineering (CEME) General Stacks 04/21/2017 340.1 FRE CEME-42411 06/28/2021 06/28/2021 Book  
          College of Electrical & Mechanical Engineering (CEME) College of Electrical & Mechanical Engineering (CEME) General Stacks 04/21/2017 340.1 FRE CEME-42571 06/28/2021 06/28/2021 Book  
          College of Electrical & Mechanical Engineering (CEME) College of Electrical & Mechanical Engineering (CEME) General Stacks 04/21/2017 340.1 FRE CEME-42572 06/28/2021 06/28/2021 Book  
© 2023 Central Library, National University of Sciences and Technology. All Rights Reserved.